[Event "Pontevedra op-B 6th"]
[Site "Pontevedra"]
[Date "2018.08.14"]
[Round "9"]
[White "Fernandez Rozas, Javier"]
[Black "Diaz Rodriguez, Pablo"]
[Result "1-0"]
[WhiteElo "1667"]
[BlackElo "1437"]
[PlyCount "82"]
[EventDate "2018.08.08"]
[EventType "swiss"]
[EventRounds "9"]
[EventCountry "ESP"]
[SourceTitle "CBM 186 Extra"]
[Source "ChessBase"]
[SourceDate "2018.08.24"]
[SourceVersion "1"]
[SourceVersionDate "2018.08.24"]
[SourceQuality "1"]

1. d4 d5 2. Bf4 Bf5 3. Nf3 e6 4. e3 c5 5. c3 c4 6. Nbd2 Nc6 7. Be2 Bd6 8. Bxd6 Qxd6 9. h3 b5 10. Nh4 Nge7 11. Nxf5 Nxf5 12. e4 dxe4 13. Nxe4 Qf4 14. Bf3 Nh4 15. Rg1 Nxf3+ 16. Qxf3 Qxf3 17. gxf3 0-0 18. 0-0-0 a5 19. Rg5 b4 20. Rc5 Ra6 21. Rxc4 Ne7 22. Nc5 Rc8 23. b3 Rac6 24. cxb4 axb4 25. Rxb4 e5 26. Kb1 exd4 27. Rbxd4 f6 28. Rd8+ Kf7 29. Rxc8 Rxc8 30. Ne4 Ke6 31. b4 h5 32. Nc5+ Kf5 33. Rd7 Ng6 34. Rxg7 Nf4 35. Ne4 Nxh3 36. Nd6+ Kf4 37. Nxc8 Nxf2 38. Rg6 h4 39. Rxf6+ Ke5 40. Rf7 h3 41. f4+ Ke4 1-0